Deutsche Songs nach ersten Zeilen 2 - Statistiken

Allgemein
  • Dieses Quiz wurde 1.726 mal gespielt
  • Das Durchschnittsergebnis liegt bei 8 aus 30
Antwortstatistiken
Textquiz Song % Korrekt
Hier bin ich geboren und laufe durch die Straßen, kenn' die Gesichter, jedes Haus und jeden Laden Haus am See
73%
Wenn man so will bist du das Ziel einer langen Reise, die Perfektion der besten Art und Weise Ein Kompliment
52%
Gründlich durchgecheckt steht sie da, und wartet auf den Start - alles klar! Major Tom (Völlig losgelöst)
50%
Ich wär' so gern dabei gewesen, doch ich hab viel zu viel zu tun, lass uns später weiter reden Nur noch kurz die Welt retten
50%
Es fällt mir schwer, ohne dich zu leben, jeden Tag zu jeder Zeit, einfach alles zu geben Geboren um zu leben
46%
Du führst ein Leben ohne Sorgen, vierundzwanzig Stunden sieben Tage nichts gefunden Geiles Leben
46%
An der Haltestelle stehen, und es tut weh dich schon wieder so, wieder zu sehen Pocahontas
42%
Ey! Komm schon, es ist kaum mehr was los, ich hab Kopfweh und der DJ spielt die ganze Zeit nur so Elektrozeugs Nein, Mann
41%
Wie man eine Liebe maximal romantisch lebt, will jeder wissen, keiner hilft uns, Fair play Willst du
39%
Hu ha hu ha [6x] Sie ritten um die Wette mit dem Steppenwind, tausend Mann (Haa, Huu, Haa) Dschinghis Khan
38%
Getrampt oder mit dem Moped, oder schwarz mit der Bahn Cello
37%
Momentan ist richtig, momentan ist gut Mensch
36%
Wenn selbst ein Kind nicht mehr lacht wie ein Kind, dann sind wir... Jenseits von Eden
35%
Es ist so viel, so viel zu viel, überall Reklame Stadt
32%
In deinen Augen steht so vieles, was mir sagt, du fühlst genau so wie ich Du
28%
Eckstein, Eckstein, alles muss versteckt sein Augen auf
27%
Die kleinen Mädchen aus der Vorstadt tragen heute Nasenringe aus Phosphor Hurra, hurra, die Schule brennt
25%
Das Fenster öffnet sich nich' mehr, hier drin' ist es voll von dir, und leer Durch den Monsun
23%
Meine Mutter sagt „Junge, geh' ma' schlafen, fahr mal in Urlaub“ Schüsse in die Luft
23%
Wie eine Blume am Winterbeginn und so wie ein Feuer im eisigen Wind Ein Bisschen Frieden
21%
Jede Nacht um halb eins, wenn das Fernseh'n rauscht, leg' ich mich aufs Bett und mal mir aus, wie es wäre, wenn ich nicht der wäre, der ich bin König von Deutschland
16%
Ich bin mittendrin und geb' mich allem hin, aber schaut man hinter die Kulissen dann fängt es immer so an Wovon sollen wir träumen
12%
Es fährt im Kopf ein Karussell, und alles dreht sich irgendwie zu schnell Millionen Lichter
8%
Stell dich vor meine Mitte, leg dich in jede Figur Wie soll ein Mensch das ertragen
8%
Es könnte mich nicht weniger interessieren ob du tot bist oder lebst Du liebst mich nicht
6%
Mach wie du meinst, und fühl dich frei Oh Jonny
5%
Der Himmel grau und trist, wo du jetzt auch bist Es war schön
2%
Willst du mit mir Äpfel stehlen gehn? Du bist ein Held, du wirst schon sehn. Fahrrad
2%
Nur ein paar Breitengrade tiefer. Paar Längengrade, dann nach links Nackt im Wind
2%
Tag um Tag, Jahr um Jahr, wenn ich durch diese Straßen geh Wir sind wir
2%
Keine übereinstimmenden Quizze gefunden
Verteilung der Resultate
Anzahl Personen mit jedem Resultat
Perzentil nach korrekt beantworteten Fragen
Ihre Resultats-Entwicklung
Sie haben dieses Quiz noch nicht gespielt